00419nam a2200169Ia 4500008004100000041001200041082002100053100002100074245003300095365000700128520001200135546001200147630003300159650001200192655001200204730003300216101110s9999 xx 000 0 und d aMARATHI bSR19036a784.754 aVaidya Prabhakar aVande Matram, Jana-Gana-Mana b40 aMarathi aMARATHI aVande Matram, Jana-Gana-Mana aMarathi aMarathi aVande Matram, Jana-Gana-Mana